000 01593nac a22003850a 4500
001 PT17760
003 AR-LpoUNG
005 20210201005036.0
008 201001s2002||||mx |||||||||||||||||spa d
020 _a9682316693
_c$22.96
040 _aAR-LpoUNG
_bspa
_eaacr
041 _aspa
044 _amx
082 0 _aR320.3 663v1
100 1 _aBobbio, Norberto
245 1 0 _aDiccionario de política :
_ba-j
250 _a13º edición
260 _aMéxico, D. F. :
_bSiglo Veintiuno,
_c2002.
300 _a846 p. :
_bil.
_a(2
_fVolúmenes)
_3Impreso
490 0 _aDiccionario de política
520 _aEl objetivo de este diccionario es el de brindar a un lector no especializado, al hombre culto, al estudiante de las escuelas medias superiores y de la universidad, una explicación y una interpretación simple y tendencialmente conclusiva de los conceptos principales que forman parte del universo del discurso político, exponiendo la evolución histórica, analizando el uso actual, haciendo referencia a los conceptos afines o por el contrario antitéticos, indicando autores y obras más directamente vinculados a ellos.
650 4 _aCIENCIA POLITICA
650 4 _aMATERIAL DE REFERENCIA
650 4 _aSISTEMAS POLITICOS COMPARADOS
651 4 _aDOCUMENTOS TEORICOS O METODOLOGICOS
700 1 _aGarcía, Alfonso
700 1 _aMartín, Mariano
_etr.
700 1 _aMatteucci, Nicola
700 1 _aMiguel, Martí, trad
700 1 _aPasquino, Gianfranco
700 1 _aRaúl, Crisafio
_etr.
700 1 _aTula, Jorge
_etr.
905 _a17760
942 _cLSALA
999 _c48246
_d48246